The effect of foliar fertilization in ecological maize production

We examined the effect of foliar fertilization on the yield of maize in 2014. The experiment was set up on the area of an ecological farm in Hódmezővásárhely-Kútvölgy, Hungary. The trial was carried out in three replications. The soil was chernozem, the reaction of which was nearly neutral (pHkcl 6....

Teljes leírás

Elmentve itt :
Bibliográfiai részletek
Szerzők: Jakab Péter
Fekete Zsófia
Nagy Piroska
Dokumentumtípus: Cikk
Megjelent: University of Szeged Faculty of Agriculture Hódmezővásárhely 2015
Sorozat:Review on agriculture and rural development 4 No. 1-2
Kulcsszavak:Kukoricatermesztés, Biogazdálkodás, Lombtrágyázás, Környezetvédelem
Tárgyszavak:
Online Access:http://acta.bibl.u-szeged.hu/76057
LEADER 02369nab a2200241 i 4500
001 acta76057
005 20220617121955.0
008 220617s2015 hu o 0|| eng d
022 |a 2063-4803 
040 |a SZTE Egyetemi Kiadványok Repozitórium  |b hun 
041 |a eng 
100 1 |a Jakab Péter 
245 1 4 |a The effect of foliar fertilization in ecological maize production  |h [elektronikus dokumentum] /  |c  Jakab Péter 
260 |a University of Szeged Faculty of Agriculture  |b Hódmezővásárhely  |c 2015 
300 |a 43-46 
490 0 |a Review on agriculture and rural development  |v 4 No. 1-2 
520 3 |a We examined the effect of foliar fertilization on the yield of maize in 2014. The experiment was set up on the area of an ecological farm in Hódmezővásárhely-Kútvölgy, Hungary. The trial was carried out in three replications. The soil was chernozem, the reaction of which was nearly neutral (pHkcl 6.86). Before setting up the experiment, the soil analysis data showed that it had proper nitrogen, plenty of phosphorous and very good potassium contents. In 2014, the amount of precipitation in the vegetation period of maize was higher by 264 mm than the average, but its distribution was uneven. The preceding crop was winter wheat. Fall tillage involved deep ploughing at 30-35 cm depth. Secondary tillage in spring was made by heavy harrow, and seedbed preparation was made by a combinator. The foliar fertilizer was applied two times during the vegetation period of maize in a dosage of 5 1/ha. We harvested the parcels by hand. We processed the obtained data by single factor variant analysis. The yield of the control plots was 11.3 t/ha, on the average of 3 replications, the foliar fertilization plots’ yield was 11.97 t/ha. The foliar fertilization increased the yield, but the difference between the average yields of control and foliar fertilization plots was not significant. Factual conclusion can be drawn only after the results of several years. We wish to continue our examinations. 
650 4 |a Mezőgazdaság-tudományok 
650 4 |a Mezőgazdaság, erdészet, halászat 
695 |a Kukoricatermesztés, Biogazdálkodás, Lombtrágyázás, Környezetvédelem 
700 0 1 |a Fekete Zsófia  |e aut 
700 0 1 |a Nagy Piroska  |e aut 
856 4 0 |u http://acta.bibl.u-szeged.hu/76057/1/agricul_review_2015_001_002_043-046.pdf  |z Dokumentum-elérés